Normal view
MARC view
- المجالي، عبد السلام
Entry Personal Name
001 - CONTROL NUMBER
- control field: 64572
003 - CONTROL NUMBER IDENTIFIER
- control field: JO-AjAnu
005 - DATE AND TIME OF LATEST TRANSACTION
- control field: 20231202110142.0
008 - FIXED-LENGTH DATA ELEMENTS
- fixed length control field: 231202|| aca||aabn | a|a d
040 ## - CATALOGING SOURCE
- Original cataloging agency: JO-AjAnu
100 ## - HEADING--PERSONAL NAME
- Personal name: المجالي، عبد السلام